000 00872nam a22002417a 4500
999 _c10513
_d10513
005 20251125232827.0
008 s2542 th tha d
020 _a9748707377
040 _aNALT
041 _atha
050 _aHD30.2 ด454ก 2542
100 0 _aดาเวนพอร์ท, โทมัส เอช.
245 1 0 _aการจัดการความรู้
260 3 _aกรุงเทพฯ :
_bเอ.อาร์.บิซิเนสเพรส,
_c2542
300 _a264 หน้า ;
_b 21 ซม.
650 0 4 _aการจัดการธุรกิจ
650 0 4 _aการบริหารธุรกิจ
700 0 _aดาเวนพอร์ท, โทมัส เอช.
850 _aNALT
856 4 0 _uhttps://hdl.handle.net/20.500.14156/424026
_71
942 _cGB
_01
_2lcc